00378nam a2200133Ia 4500008004100000041000800041082001600049100005400065245003900119250000600158260003800164300000800202650003400210210716s1993 xx 000 0 und d aeng a005.11 MUKV aJoshi, Dharmesh; Sharma, Ramnath; Dodeja, Manish. aVijay Mukhis clipper 5.01/87 test. a1 aNew DelhibBPB Publicationsc1993 a227 aProgramming Languages(005.13)